| 000 | 00402nam a2200157Ia 4500 | ||
|---|---|---|---|
| 008 | 230524s9999 xx 000 0 und d | ||
| 082 |
_a660.602 _bKIT |
||
| 100 |
_aSheila Kitchen _923676 |
||
| 245 | 0 | _aElectrotherapy (Evidence-Based Practice) | |
| 250 | _a17TH | ||
| 260 |
_aNEW DELHI _bElsevier _c2006 |
||
| 300 | _aVIII;301 | ||
| 500 | _aQuantity Number: 1 | ||
| 650 | _aBiomedical | ||
| 942 | _cBK | ||
| 999 |
_c35224 _d35224 |
||